00521nam a2200145Ia 4500003000900000008004100009020002600050040001600076100002200092245007300114260003200187300002000219490003300239856010300272IN-BaIIA211028s9999 xx s 000 0 eng d a9780819439253 (Print) cIIA Library aRyan, Thomas, ed. 0aThermal Treatment of Tissue: Energy Delivery and Assessmenth[eBook] aWashington, USAbSPIEc2001 aOnline resource aProceedings of SPIE; V. 4247 uhttps://www.spiedigitallibrary.org/conference-proceedings-of-spie/4247yClick Here to Access eBook